Viñamarinos: aburridos, excéntricos y decadentes
Wedi'i Gadw mewn:
| Prif Awdur: | |
|---|---|
| Fformat: | Llyfr |
| Iaith: | Sbaeneg |
| Cyhoeddwyd: |
Santiago, Chile.
Laurel,
2015
|
| Rhifyn: | 1a. ed |
| Pynciau: | |
| Tagiau: |
Ychwanegu Tag
Dim Tagiau, Byddwch y cyntaf i dagio'r cofnod hwn!
|
MARC
| LEADER | 00000cam a2200000 a 4500 | ||
|---|---|---|---|
| 001 | UCD6167 | ||
| 003 | CL-VaPUC | ||
| 005 | 20250227154004.0 | ||
| 008 | 161118e20150000cl |||||||||||||||||spa|d | ||
| 999 | |c 366539 |d 366537 | ||
| 020 | |a 9789569450105 | ||
| 040 | |c Pontificia Universidad Católica de Valparaíso | ||
| 082 | 0 | 4 | |a 983.83255 POR 2015 |2 21 |
| 100 | 0 | |a Porzio, Catalina |e author |9 372 | |
| 245 | 1 | 0 | |a Viñamarinos: aburridos, excéntricos y decadentes |
| 250 | |a 1a. ed | ||
| 260 | |a Santiago, Chile. |b Laurel, |c 2015 | ||
| 300 | |a 155 páginas | ||
| 583 | |a last modification |c 20161118 09:36:00 |k Rodrigo Vera | ||
| 650 | 0 | |a Historia de Viña del Mar |2 CL-VaPUC |9 523239 | |
| 650 | 0 | |a Vida social y costumbres |9 258725 | |
| 650 | 0 | |a Sociedad chilena |2 CL-VaPUC |9 412967 | |
| 650 | 0 | |a Turismo |9 308920 | |
| 650 | 0 | |a Patrimonio cultural |9 309364 | |
| 942 | |c BK |2 ddc | ||
| 945 | |d 20161118 09:36:00 |a arojas | ||
| 952 | |0 0 |1 0 |3 erb |4 0 |6 983_832550000000000_POR_2015 |7 0 |8 A |9 480824 |a BIBARQ |b BIBARQ |i 5349524 |l 1 |o 983.83255 POR 2015 |p 5349524 |r 2025-01-20 |s 2023-11-30 |w 2019-11-24 |y BK |z Catalogado en:20161118 |k ARQ | ||
| 952 | |0 0 |1 0 |3 erb |4 0 |6 983_832550000000000_POR_2015 |7 0 |8 A |9 480825 |a BIBHIS |b BIBHIS |i 5561027 |o 983.83255 POR 2015 |p 5561027 |r 2025-01-20 |w 2019-11-24 |y BK |z Catalogado en:20190914 |k HIS | ||